|
|
|
|
| LEADER |
01348nam a2200325 a 4500 |
| 001 |
29520 |
| 003 |
BD-DhAAL |
| 005 |
20150805103421.0 |
| 008 |
150805s2008 njua 001 0aeng |
| 010 |
|
|
|a 2008003761
|
| 020 |
|
|
|a 9780470454046 (pbk.)
|
| 020 |
|
|
|a 9780470079928 (cloth : alk. paper)
|
| 040 |
|
|
|a DLC
|c DLC
|d YDXCP
|d BTCTA
|d BAKER
|d C#P
|d BWX
|d VP@
|d DLC
|d BD-DhAAL
|
| 050 |
0 |
0 |
|a GV865.B4
|b A3 2008
|
| 082 |
0 |
0 |
|a 796.357092
|2 22
|
| 999 |
|
|
|c 35157
|d 35157
|
| 999 |
|
|
|c 35157
|
| 100 |
1 |
|
|a Berra, Yogi,
|d 1925-
|9 13538
|
| 245 |
1 |
0 |
|a You can observe a lot by watching :
|b what I've learned about teamwork from the Yankees and life /
|c Yogi Berra with Dave Kaplan.
|
| 260 |
|
|
|a Hoboken, N.J. :
|b John Wiley & Sons, Inc.,
|c c2008.
|
| 300 |
|
|
|a vii, 232 p. :
|b ill. ;
|c 23 cm.
|
| 500 |
|
|
|a Includes index.
|
| 541 |
|
|
|e 29520
|
| 600 |
1 |
0 |
|a Berra, Yogi,
|d 1925-
|9 13539
|
| 650 |
|
0 |
|a Baseball players
|z United States
|v Biography.
|9 13540
|
| 650 |
|
0 |
|a Baseball coaches
|z United States
|v Biography.
|9 13541
|
| 650 |
|
0 |
|a Teamwork (Sports)
|9 13542
|
| 700 |
1 |
|
|a Kaplan, Dave,
|d 1956-
|9 13543
|
| 942 |
|
|
|2 ddc
|c BK
|
| 952 |
|
|
|0 0
|1 0
|2 ddc
|4 0
|6 796_357092000000000_BER
|7 0
|9 55119
|a BRACUL
|b BRACUL
|c GEN
|d 2015-08-05
|e BRAC Institute of Language (BIL)
|l 1
|m 13
|o 796.357092 BER
|p 3010029520
|r 2026-03-29
|s 2026-01-05
|t 1
|w 2015-08-05
|y BK
|x Transferred from BIL to BRACUL on 06/06/22
|